| 000 | 00721nam a22002057a 4500 | ||
|---|---|---|---|
| 999 |
_c13556 _d13556 |
||
| 003 | AR-CdUCM | ||
| 008 | 190415b ||||| |||| 00| 0 spa d | ||
| 040 |
_aMUNICIPALIDAD PROVINCIAL DEL CUSCO _cBIBLIOTECA MUNICIPAL DEL CUSCO |
||
| 082 |
_aC / 808..51 / _bS71 / 1933 |
||
| 100 |
_aSoto, Ángel _932015 |
||
| 245 | _aPlena lucha / | ||
| 260 |
_aCuzco : _bAmericana, _c1933. |
||
| 300 |
_a272 páginas ; _c21 cm. |
||
| 505 | _aContenido : Dedicatoria -- Artículos filosóficos y sociológicos -- Puntos jurídicos -- Disertaciones pedagógicas -- Artículos historicos ... | ||
| 650 |
_aFilosofía _9395 |
||
| 650 |
_aHistoria _9246 |
||
| 650 |
_aEducación _9460 |
||
| 942 |
_2ddc _cLIBROS |
||
| 945 |
_arah _d15/04/2019 |
||